[Event "XXVII Festival Conca della Presolana B"]
[Site "Bratto - Castione della Presolana ITA"]
[Date "2007.08.30"]
[Round "7"]
[White "Cicioni, Luigi"]
[Black "Luppi, Dario"]
[Result "0-1"]
[WhiteElo "1718"]
[BlackElo "1763"]
[PlyCount "122"]
[EventDate "2007.08.24"]

1. Nf3 Nf6 2. d4 e6 3. g3 d5 4. Bg2 c5 5. O-O Nc6 6. c4 cxd4 7. Nxd4 Bc5 8. Nb3
Be7 9. cxd5 Nxd5 10. e4 Ndb4 11. Qe2 O-O 12. Nc3 Bd7 13. Rd1 Qc8 14. Be3 e5 15.
Rac1 Bg4 16. f3 Be6 17. Nd5 Qb8 18. a3 Na6 19. Rc3 Re8 20. Nc1 Bxd5 21. exd5
Nd4 22. Qd3 Nc5 23. Qb1 Na4 24. Rc4 Nb6 25. Rcxd4 exd4 26. Bxd4 Nxd5 27. f4 Nf6
28. Nd3 Bd6 29. Qc2 Rc8 30. Qb3 Rc7 31. Ne5 Qf8 32. Bc3 Bc5+ 33. Kh1 Rd8 34. h3
b6 35. Qa4 a5 36. Nc6 Rxd1+ 37. Qxd1 Rd7 38. Qf3 Qd6 39. Kh2 Qd1 40. g4 Qxf3
41. Bxf3 Nd5 42. Be5 f6 43. Bb8 Ne7 44. b4 Nxc6 45. Bxc6 Rd2+ 46. Kg3 axb4 47.
axb4 Bxb4 48. Bc7 Rd3+ 49. Kg2 Bc5 50. Bb5 Rd2+ 51. Kf3 Rh2 52. Kg3 Rb2 53.
Bc4+ Kf8 54. g5 b5 55. Bd5 b4 56. h4 b3 57. h5 Rd2 58. Be4 h6 59. Ba5 Rd4 60.
Kf3 Rxe4 61. Kxe4 b2 0-1

[Event "XXVII Festival Conca della Presolana B"]
[Site "Bratto - Castione della Presolana ITA"]
[Date "2007.08.30"]
[Round "7"]
[White "Cocuzzi, Edoardo"]
[Black "Gazzetta, Marco"]
[Result "1-0"]
[WhiteElo "1887"]
[BlackElo "1769"]
[PlyCount "57"]
[EventDate "2007.08.24"]

1. e4 e6 2. d4 d5 3. exd5 exd5 4. Bd3 Bd6 5. h3 Nf6 6. Nf3 O-O 7. O-O Re8 8. c3
h6 9. Be3 Be6 10. Nh2 Ne4 11. Nd2 c6 12. Bxe4 dxe4 13. Nxe4 Bxh2+ 14. Kxh2 Bxh3
15. Qf3 Be6 16. Qg3 Kf8 17. Rfe1 Na6 18. Bf4 g5 19. Be5 f5 20. Nf6 f4 21. Qd3
Re7 22. Qg6 Rf7 23. Nh7+ Rxh7 24. Qxh7 Ke8 25. Bxf4 gxf4 26. Rxe6+ Kf8 27.
Qxh6+ Kf7 28. Qg6+ Kf8 29. Rf6+ 1-0

[Event "XXVII Festival Conca della Presolana B"]
[Site "Bratto - Castione della Presolana ITA"]
[Date "2007.08.30"]
[Round "7"]
[White "Davi, Alessandro"]
[Black "Saccani, Ettore"]
[Result "1-0"]
[WhiteElo "1834"]
[BlackElo "1888"]
[PlyCount "121"]
[EventDate "2007.08.24"]

1. d4 Nf6 2. c4 g6 3. Nc3 Bg7 4. e4 d6 5. Nf3 O-O 6. Be2 e5 7. O-O exd4 8. Nxd4
Nbd7 9. Be3 Nc5 10. f3 Ne6 11. Nb3 a5 12. a4 h6 13. Qd2 Kh7 14. Rfd1 Qe7 15.
Nd5 Nxd5 16. cxd5 Nc5 17. Qc2 Nxb3 18. Qxb3 b6 19. Rac1 Bb7 20. Bb5 f5 21. Qc2
Rac8 22. Bd4 Bxd4+ 23. Rxd4 Qe5 24. Rc4 Rf7 25. Qc3 Qxc3 26. R1xc3 fxe4 27.
fxe4 Re7 28. b4 axb4 29. Rxb4 Rf8 30. Rf3 Rxf3 31. gxf3 Kg7 32. Kg2 Kf6 33. Kg3
Bc8 34. Rb3 g5 35. Re3 h5 36. Re1 Ke5 37. h4 Kf6 38. hxg5+ Kxg5 39. f4+ Kh6 40.
e5 dxe5 41. fxe5 Bg4 42. e6 Kg5 43. Rf1 Kg6 44. Kh4 Bf5 45. Be2 Bc2 46. Bxh5+
Kg7 47. Rf4 Bb3 48. Bf3 c6 49. dxc6 Bxe6 50. Rb4 Ra7 51. Kg5 Kf7 52. Rxb6 Rxa4
53. Rb7+ Ke8 54. Kf6 Bc8 55. Re7+ Kf8 56. Rh7 Rf4+ 57. Ke5 Rf5+ 58. Ke4 Kg8 59.
Rc7 Be6 60. Bg4 Rf7 61. Bxe6 1-0

[Event "XXVII Festival Conca della Presolana B"]
[Site "Bratto - Castione della Presolana ITA"]
[Date "2007.08.30"]
[Round "7"]
[White "Delledonne, Francesco"]
[Black "Franzini, Stefano"]
[Result "1-0"]
[WhiteElo "1822"]
[BlackElo "1905"]
[PlyCount "57"]
[EventDate "2007.08.24"]

1. Nf3 Nf6 2. c4 e6 3. Nc3 d5 4. d4 c6 5. e3 Be7 6. Bd3 Nbd7 7. O-O O-O 8. Qc2
Re8 9. b3 Bd6 10. e4 dxe4 11. Nxe4 Nxe4 12. Bxe4 Nf6 13. Bd3 b6 14. Bb2 h6 15.
Rad1 Bb7 16. Ne5 Qc7 17. Rfe1 Rac8 18. Be2 c5 19. Bf3 Bxe5 20. dxe5 Bxf3 21.
exf6 Bxd1 22. Qxd1 g6 23. Qg4 Red8 24. Qh4 Kh7 25. Bc1 g5 26. Bxg5 Kg6 27. Bxh6
Rg8 28. Qg5+ Kh7 29. Bg7 1-0

[Event "XXVII Festival Conca della Presolana B"]
[Site "Bratto - Castione della Presolana ITA"]
[Date "2007.08.30"]
[Round "7"]
[White "Dorati, Giuseppe"]
[Black "Trussardi, Giuseppe"]
[Result "1/2-1/2"]
[WhiteElo "1715"]
[BlackElo "1702"]
[PlyCount "46"]
[EventDate "2007.08.24"]

1. e4 d6 2. d4 Nf6 3. Nc3 c6 4. f3 Nbd7 5. Be3 e5 6. Qd2 Be7 7. g4 O-O 8. O-O-O
Qa5 9. Kb1 b5 10. Nd5 Qd8 11. Nxe7+ Qxe7 12. dxe5 dxe5 13. Qc3 Bb7 14. g5 Nh5
15. Bh3 Rfd8 16. Ne2 b4 17. Rxd7 Rxd7 18. Qb3 Rdd8 19. Bg4 Nf4 20. Nxf4 exf4
21. Bxf4 Bc8 22. Bxc8 Raxc8 23. h4 23... c5 {...} 1/2-1/2

[Event "XXVII Festival Conca della Presolana B"]
[Site "Bratto - Castione della Presolana ITA"]
[Date "2007.08.30"]
[Round "7"]
[White "Fontanesi, Riccardo"]
[Black "Buono, Valerio"]
[Result "1/2-1/2"]
[WhiteElo "1837"]
[BlackElo "1965"]
[PlyCount "45"]
[EventDate "2007.08.24"]

1. d4 d5 2. c4 e6 3. Nf3 Nf6 4. Nc3 Be7 5. Bf4 c6 6. e3 Nbd7 7. Qc2 O-O 8. Bd3
dxc4 9. Bxc4 Nd5 10. Nxd5 exd5 11. Bd3 Nf6 12. O-O Re8 13. Ne5 g6 14. h3 Nh5
15. Bh6 Bg5 16. Bxg5 Qxg5 17. f4 Qh6 18. Rf3 Nf6 19. f5 g5 20. b4 a6 21. Raf1
Qg7 22. Qf2 h5 23. Qc2 1/2-1/2

[Event "XXVII Festival Conca della Presolana B"]
[Site "Bratto - Castione della Presolana ITA"]
[Date "2007.08.30"]
[Round "7"]
[White "Galasso, Daniele"]
[Black "Bini, Gabriele"]
[Result "1/2-1/2"]
[WhiteElo "1712"]
[BlackElo "1601"]
[PlyCount "40"]
[EventDate "2007.08.24"]

1. c4 c6 2. d4 d5 3. e3 Nf6 4. Nc3 Bf5 5. Nf3 e6 6. Be2 dxc4 7. Bxc4 Bd6 8. O-O
Nbd7 9. Re1 Bg4 10. e4 Bc7 11. e5 Nd5 12. Bg5 Qxg5 13. Nxg5 Bxd1 14. Raxd1 Ne7
15. a3 Nb6 16. Ba2 Nbd5 17. Nge4 h6 18. Na4 O-O-O 19. Nec5 Rhe8 20. Re2 Ng6
1/2-1/2

[Event "XXVII Festival Conca della Presolana B"]
[Site "Bratto - Castione della Presolana ITA"]
[Date "2007.08.30"]
[Round "7"]
[White "Gallana, Marco"]
[Black "Autino, Massimiliano"]
[Result "1-0"]
[WhiteElo "1949"]
[BlackElo "1779"]
[PlyCount "137"]
[EventDate "2007.08.24"]

1. d4 d5 2. c4 e6 3. Nc3 Be7 4. Nf3 Nf6 5. Bg5 h6 6. Bh4 O-O 7. e3 b6 8. Rc1
Bb7 9. cxd5 exd5 10. Bd3 c6 11. O-O Nbd7 12. Qc2 Re8 13. Nd2 Ng4 14. Bg3 Nf8
15. Nf3 Nd7 16. Qe2 Ngf6 17. h3 Bf8 18. Ba6 Qc8 19. Bd3 Qd8 20. Bb1 c5 21. Rfd1
cxd4 22. Nxd4 Bc5 23. Ncb5 Ba6 24. Qd2 Bxb5 25. Nxb5 Ne5 26. b4 Nc4 27. Rxc4
dxc4 28. bxc5 Qxd2 29. Rxd2 Rad8 30. Rxd8 Rxd8 31. c6 Rc8 32. Bf5 Rxc6 33. Nxa7
Rc5 34. Bc2 Ra5 35. Nc6 Rxa2 36. Nb4 Rb2 37. Bd6 Ne8 38. Be7 f6 39. Bg6 Nc7 40.
Kf1 Ne6 41. Nd5 Nf8 42. Be8 b5 43. Bb4 Rb1+ 44. Ke2 Rb2+ 45. Kf3 Ne6 46. h4 Nc7
47. Nxc7 Rxb4 48. Nxb5 Kf8 49. Bc6 Ke7 50. Nd4 Kd6 51. Be4 g5 52. hxg5 hxg5 53.
Bc2 Rb2 54. Ke4 Kc5 55. Kf5 Rb6 56. Ne6+ Kb4 57. Kxf6 Kc3 58. Bf5 Kd2 59. Kxg5
Ke2 60. g4 c3 61. Nd4+ Kxf2 62. Kf4 Ke1 63. g5 Kd2 64. g6 Rb7 65. Ne6 Rb4+ 66.
Kf3 Rb8 67. g7 c2 68. Bxc2 Kxc2 69. Nf8 1-0

[Event "XXVII Festival Conca della Presolana B"]
[Site "Bratto - Castione della Presolana ITA"]
[Date "2007.08.30"]
[Round "7"]
[White "Gatta, Flavio"]
[Black "Tonel, Giulia"]
[Result "1/2-1/2"]
[WhiteElo "1791"]
[BlackElo "1934"]
[PlyCount "49"]
[EventDate "2007.08.24"]

1. e4 e5 2. Bc4 Nf6 3. d3 d6 4. f4 h6 5. f5 d5 6. exd5 Nxd5 7. Qh5 c6 8. Bd2
Nd7 9. Nc3 N7b6 10. Bb3 Qf6 11. O-O-O Qxf5 12. Qe2 Be6 13. g3 O-O-O 14. Rf1 Qg6
15. Qxe5 Bd6 16. Qe1 Rhe8 17. Qf2 Kb8 18. Nge2 Ka8 19. Nxd5 Nxd5 20. Nc3 Bc7
21. Nxd5 cxd5 22. d4 Bb6 23. c3 f6 24. Re1 Qf7 25. Kb1 1/2-1/2

[Event "XXVII Festival Conca della Presolana B"]
[Site "Bratto - Castione della Presolana ITA"]
[Date "2007.08.30"]
[Round "7"]
[White "Mansueti, Marco"]
[Black "Melone, Antonio"]
[Result "1-0"]
[WhiteElo "1703"]
[BlackElo "1704"]
[PlyCount "58"]
[EventDate "2007.08.24"]

1. d4 Nf6 2. Bf4 c5 3. dxc5 Qa5+ 4. Qd2 Qxc5 5. Nc3 d6 6. e4 a6 7. Nf3 Nc6 8.
a3 Bd7 9. h3 Rc8 10. Be3 Qa5 11. Bd3 g6 12. b4 Qc7 13. Nd5 Nxd5 14. exd5 Nd8
15. Bd4 f6 16. c4 b6 17. Qe3 Rb8 18. Bxf6 Rg8 19. O-O Nf7 20. Rfe1 Qd8 21. Ra2
Bc8 22. Rae2 Rb7 23. c5 Bh6 24. Ng5 Bxg5 25. Bxg5 Nxg5 26. Qxg5 b5 27. c6 Rc7
28. f4 Rf8 29. g4 Rf6 1-0

[Event "XXVII Festival Conca della Presolana B"]
[Site "Bratto - Castione della Presolana ITA"]
[Date "2007.08.30"]
[Round "7"]
[White "Margstahler, Francesco"]
[Black "Antolini, Aldo"]
[Result "1-0"]
[WhiteElo "1752"]
[BlackElo "1642"]
[PlyCount "101"]
[EventDate "2007.08.24"]

1. e4 c6 2. d4 d5 3. exd5 cxd5 4. c4 e6 5. Nc3 Nf6 6. Nf3 dxc4 7. Bxc4 Be7 8.
O-O O-O 9. Bb3 a6 10. Re1 Re8 11. Bf4 Nbd7 12. d5 exd5 13. Nxd5 Nxd5 14. Qxd5
Rf8 15. Rad1 Bf6 16. Bg5 Bxg5 17. Nxg5 Qf6 18. Nxf7 g6 19. Ne5+ Kg7 20. Nxd7
Qxf2+ 21. Kh1 Bxd7 22. Qxd7+ Kh6 23. Qd2+ Rf4 24. Qxf2 Rxf2 25. Kg1 Rxb2 26.
Re3 Rc8 27. Red3 Re8 28. R3d2 Rxd2 29. Rxd2 Re7 30. Kf2 Rc7 31. Ke3 Rc3+ 32.
Rd3 Rc7 33. Rd4 Rc3+ 34. Ke4 Rc7 35. Kd5 Re7 36. Kc5 Rc7+ 37. Kb6 Re7 38. Bd1
Re3 39. Bf3 Ra3 40. Rd2 a5 41. Bxb7 Ra4 42. Bd5 Kg5 43. Bb3 Rf4 44. Rd5+ Rf5
45. Rxf5+ Kxf5 46. Kxa5 h5 47. h3 g5 48. Bd5 Ke5 49. Bb7 Kf4 50. Kb6 g4 51.
hxg4 1-0

[Event "XXVII Festival Conca della Presolana B"]
[Site "Bratto - Castione della Presolana ITA"]
[Date "2007.08.30"]
[Round "7"]
[White "Marsili, Riccardo"]
[Black "De Bortoli, Thomas"]
[Result "1-0"]
[WhiteElo "1686"]
[BlackElo "1617"]
[PlyCount "101"]
[EventDate "2007.08.24"]

1. e4 c5 2. Nf3 d6 3. d4 cxd4 4. Nxd4 Nf6 5. Nc3 g6 6. f3 Bg7 7. Be3 Nc6 8. Qd2
O-O 9. O-O-O Bd7 10. g4 Rc8 11. Kb1 Ne5 12. h4 Nc4 13. Bxc4 Rxc4 14. h5 a6 15.
hxg6 fxg6 16. Qd3 Qc7 17. Rdf1 Rc8 18. g5 Ne8 19. Nd5 Qd8 20. Rh2 Rxd4 21. Bxd4
Bb5 22. Qd1 Bxf1 23. Bxg7 Nxg7 24. Qxf1 Nh5 25. Qh3 Rc5 26. Qe6+ Kg7 27. f4
Rxd5 28. Qxd5 Nxf4 29. Qxb7 d5 30. exd5 Nxd5 31. Qxa6 Nc3+ 32. bxc3 Qb8+ 33.
Kc1 Qxh2 34. Qb5 h5 35. gxh6+ Qxh6+ 36. Kb2 g5 37. a4 Qf6 38. a5 g4 39. a6 g3
40. a7 g2 41. Qc5 Qd6 42. Qg5+ Kf7 43. Qh5+ Kf6 44. Qf3+ Ke6 45. Qe3+ Qe5 46.
Qb6+ Qd6 47. Qb3+ Kf6 48. a8=Q g1=Q 49. Qf3+ Ke5 50. Qh5+ Kf4 51. Qc4+ 1-0

[Event "XXVII Festival Conca della Presolana B"]
[Site "Bratto - Castione della Presolana ITA"]
[Date "2007.08.30"]
[Round "7"]
[White "Mazzetta, Renato"]
[Black "Pedemonte, Claudio"]
[Result "0-1"]
[WhiteElo "1864"]
[BlackElo "1915"]
[PlyCount "136"]
[EventDate "2007.08.24"]

1. e4 d5 2. exd5 Qxd5 3. Nc3 Qa5 4. d4 Nf6 5. Nf3 c6 6. Bc4 Bf5 7. Bd2 e6 8.
Qe2 Bb4 9. O-O-O Nbd7 10. a3 Bxc3 11. Bxc3 Qc7 12. Ne5 b5 13. Bb3 Nxe5 14. dxe5
Ne4 15. f4 Nxc3 16. bxc3 Bg6 17. g4 O-O 18. h4 h6 19. h5 Bh7 20. g5 Qe7 21. Kb2
a5 22. gxh6 gxh6 23. Qg2+ Kh8 24. Qxc6 b4 25. Qd6 bxc3+ 26. Kxc3 Rac8+ 27. Kb2
Qb7 28. Ka1 Qf3 29. Rdf1 Qc3+ 30. Ka2 Bxc2 31. Bxc2 Qxc2+ 32. Ka1 Qc3+ 33. Ka2
Qe3 34. Rc1 Qxf4 35. Rhf1 Qh2+ 36. Ka1 Qxh5 37. Rc7 Qh3 38. Rfxf7 Qh1+ 39. Ka2
Qh2+ 40. Ka1 Qg1+ 41. Ka2 Qh2+ 42. Ka1 Rxf7 43. Rxc8+ Kg7 44. Rc7 Qf4 45. Rc2
Qe4 46. Rc7 Qf3 47. Rc1 Qf2 48. Rb1 Qe3 49. Ka2 a4 50. Rb2 Qh3 51. Qc6 Qf5 52.
Rg2+ Kh7 53. Qd6 Rb7 54. Rb2 Rg7 55. Re2 h5 56. Qd4 Rb7 57. Rb2 Rxb2+ 58. Kxb2
Kg6 59. Qxa4 Qxe5+ 60. Kb3 Qe3+ 61. Kc2 Kg5 62. Qb5+ Kf4 63. a4 h4 64. a5 h3
65. a6 Qf2+ 66. Kc3 h2 67. Qb7 Qe1+ 68. Kc4 h1=Q 0-1

[Event "XXVII Festival Conca della Presolana B"]
[Site "Bratto - Castione della Presolana ITA"]
[Date "2007.08.30"]
[Round "7"]
[White "Menegollo, Carlo"]
[Black "Barrera, Pietro"]
[Result "0-1"]
[WhiteElo "1889"]
[BlackElo "1905"]
[PlyCount "128"]
[EventDate "2007.08.24"]

1. e4 c5 2. Nf3 d6 3. d4 cxd4 4. Nxd4 Nf6 5. Nc3 g6 6. Be3 Bg7 7. f3 O-O 8. Qd2
Nc6 9. Bc4 Bd7 10. O-O-O Rc8 11. Bb3 Ne5 12. Bh6 Nc4 13. Bxc4 Rxc4 14. Bxg7
Kxg7 15. g4 Qa5 16. Kb1 Rfc8 17. h4 h5 18. gxh5 Qxh5 19. Rdg1 Qh6 20. Qf2 Kf8
21. Nde2 b5 22. h5 Nxh5 23. Qxa7 R4c7 24. Qd4 Rc4 25. Qd1 Be6 26. a3 b4 27.
axb4 Rxb4 28. Nd5 Bxd5 29. Qxd5 Rcb8 30. b3 Qh8 31. Qd3 Ra4 32. Qc3 Qxc3 33.
Nxc3 Ra7 34. Kb2 e6 35. Rd1 Ke7 36. Rd2 Rb6 37. Rhd1 Nf4 38. Ra1 Rxa1 39. Kxa1
g5 40. Kb2 Ng6 41. Na4 Ra6 42. Kc3 Ne5 43. Rf2 Rc6+ 44. Kb4 g4 45. fxg4 Nxg4
46. Re2 Nf6 47. Kb5 Rc8 48. b4 Nd7 49. c3 Ne5 50. Nb6 Rxc3 51. Ka6 Ra3+ 52. Kb5
Rb3 53. Ka4 Rc3 54. b5 Kd8 55. Kb4 Rc1 56. Na4 Rc4+ 57. Ka5 Kc7 58. Nb2 Rc1 59.
Rd2 Rb1 60. Rc2+ Kb7 61. Nc4 Ra1+ 62. Kb4 Nxc4 63. Rxc4 Rd1 64. Rc3 Rd4+ 0-1

[Event "XXVII Festival Conca della Presolana B"]
[Site "Bratto - Castione della Presolana ITA"]
[Date "2007.08.30"]
[Round "7"]
[White "Nepi, Ezio"]
[Black "Mora, Lorenzo"]
[Result "0-1"]
[WhiteElo "1831"]
[BlackElo "1920"]
[PlyCount "116"]
[EventDate "2007.08.24"]

1. c4 Nf6 2. Nc3 g6 3. g3 Bg7 4. Bg2 c6 5. e4 d6 6. d3 Nbd7 7. Nge2 O-O 8. O-O
e5 9. b4 a6 10. a4 Ne8 11. b5 Nc5 12. bxc6 bxc6 13. a5 Bd7 14. Qc2 Rb8 15. Ra3
Nc7 16. Bd2 N7e6 17. Na4 Nxa4 18. Rxa4 Nc5 19. Rb4 Qc7 20. Rxb8 Rxb8 21. Rb1
Bf6 22. Rxb8+ Qxb8 23. Nc3 Bd8 24. Na2 Qb3 25. Qxb3 Nxb3 26. Be1 c5 27. Kf1
Nxa5 28. Bf3 Ba4 29. Nc3 Bc2 30. Ke2 Nb3 31. Bg4 Nd4+ 32. Ke3 Bb3 33. Bd1 Bxd1
34. Nxd1 Bg5+ 35. f4 exf4+ 36. gxf4 Nc2+ 37. Kd2 Nxe1 38. Kxe1 Bxf4 39. h3 Be5
40. Ne3 a5 41. Kd1 h5 42. Kc2 Bd4 43. Nd5 g5 44. Ne7+ Kh7 45. Nf5 Be5 46. Kb3
g4 47. hxg4 hxg4 48. Ka4 g3 49. Ne3 Kg6 50. Kxa5 Kg5 51. Ka4 Kf4 52. Ng2+ Kf3
53. Nh4+ Kf2 54. Kb3 g2 55. Nxg2 Kxg2 56. Kc2 Kf3 57. Kd2 f6 58. Kd1 Ke3 0-1

[Event "XXVII Festival Conca della Presolana B"]
[Site "Bratto - Castione della Presolana ITA"]
[Date "2007.08.30"]
[Round "7"]
[White "Orsatti, Marcello"]
[Black "Morandi, Daniele"]
[Result "1/2-1/2"]
[WhiteElo "1857"]
[BlackElo "1904"]
[PlyCount "72"]
[EventDate "2007.08.24"]

1. c4 Nf6 2. Nc3 g6 3. g3 Bg7 4. Bg2 O-O 5. d3 d6 6. e4 e5 7. Nge2 Nc6 8. O-O
Ne8 9. f4 Bg4 10. h3 Bc8 11. Be3 f5 12. Qd2 Nd4 13. Rf2 c6 14. Raf1 Nc7 15.
fxe5 dxe5 16. Kh2 Nce6 17. exf5 Nxf5 18. Ne4 Nxe3 19. Rxf8+ Nxf8 20. Qxe3 Ne6
21. Qf3 Qe7 22. N2c3 Bd7 23. Nf6+ Bxf6 24. Qxf6 Qxf6 25. Rxf6 Rf8 26. Ne4 Kg7
27. Rxf8 Nxf8 28. Nc5 Bc8 29. h4 Ne6 30. Nxe6+ Bxe6 31. Be4 Bf5 32. Kg2 Bxe4+
33. dxe4 Kf6 34. Kf3 Ke6 35. b4 b6 36. c5 b5 1/2-1/2

[Event "XXVII Festival Conca della Presolana B"]
[Site "Bratto - Castione della Presolana ITA"]
[Date "2007.08.30"]
[Round "7"]
[White "Oteri, Aldo"]
[Black "Acunzo, Domenico"]
[Result "0-1"]
[WhiteElo "1957"]
[BlackElo "1776"]
[PlyCount "102"]
[EventDate "2007.08.24"]

1. e4 e6 2. d4 d5 3. Nd2 c5 4. exd5 exd5 5. Ngf3 Bd6 6. dxc5 Bxc5 7. Nb3 Bb6 8.
Bb5+ Nc6 9. O-O Nge7 10. Re1 O-O 11. c3 Bg4 12. Bg5 Qd6 13. Rc1 h6 14. c4 hxg5
15. c5 Bxf3 16. Qxf3 Qf6 17. Qxf6 gxf6 18. cxb6 axb6 19. a3 Rac8 20. g3 Rfd8
21. Rcd1 Ng6 22. Re2 Nge5 23. Kg2 Rd6 24. f4 Ng6 25. Kf3 Rcd8 26. Nd4 Nxd4+ 27.
Rxd4 Kf8 28. Kg4 gxf4 29. gxf4 Ne7 30. h4 Nc6 31. Rd1 d4 32. Bd3 Re6 33. Rxe6
fxe6 34. h5 Kg7 35. Kh4 Rh8 36. Rg1+ Kf7 37. Rg6 Ne7 38. Rg2 Nf5+ 39. Bxf5 exf5
40. Rd2 Rd8 41. Kg3 Kg7 42. Kf3 Kh6 43. Rh2 d3 44. Ke3 d2 45. Rxd2 Rxd2 46.
Kxd2 Kxh5 47. a4 Kg4 48. Ke3 Kg3 49. b4 Kg4 50. a5 bxa5 51. bxa5 Kg3 0-1

[Event "XXVII Festival Conca della Presolana B"]
[Site "Bratto - Castione della Presolana ITA"]
[Date "2007.08.30"]
[Round "7"]
[White "Romano, Zeno"]
[Black "Sala, Giovanni"]
[Result "1/2-1/2"]
[WhiteElo "1866"]
[BlackElo "1935"]
[PlyCount "65"]
[EventDate "2007.08.24"]

1. e4 c5 2. Nf3 d6 3. d4 cxd4 4. Nxd4 Nf6 5. Nc3 a6 6. Be2 e5 7. Nb3 Be7 8. Be3
O-O 9. O-O Be6 10. f4 exf4 11. Bxf4 Nc6 12. Kh1 Rc8 13. Qe1 Ne8 14. Rd1 Bh4 15.
Qd2 Bf6 16. Be3 Ne5 17. Nd5 Bxd5 18. exd5 Nc4 19. Bxc4 Rxc4 20. c3 g6 21. Qf2
Be5 22. Nd2 Rc8 23. Ne4 Bg7 24. Qg3 Qe7 25. Nf2 Be5 26. Qh3 Rc4 27. Ng4 Bg7 28.
Rde1 Re4 29. Qf3 f5 30. Nf2 Re5 31. Nd3 Re4 32. Nf2 Re5 33. Nd3 1/2-1/2

[Event "XXVII Festival Conca della Presolana B"]
[Site "Bratto - Castione della Presolana ITA"]
[Date "2007.08.30"]
[Round "7"]
[White "Rombaldoni, Brian"]
[Black "Saccani, Ercole"]
[Result "1/2-1/2"]
[WhiteElo "1812"]
[BlackElo "1715"]
[PlyCount "91"]
[EventDate "2007.08.24"]

1. d4 Nf6 2. Nf3 d6 3. Bf4 g6 4. Nbd2 c5 5. e3 a6 6. dxc5 dxc5 7. Nb3 Qb6 8.
Be2 Nc6 9. O-O Bg7 10. Bc4 O-O 11. c3 Na5 12. Nxa5 Qxa5 13. Qb3 b5 14. Be2 Bb7
15. Nd2 Qd8 16. Rfd1 Qc8 17. Bf3 Ra7 18. h3 h6 19. a4 Bxf3 20. Nxf3 Rb7 21.
axb5 axb5 22. Ra5 Qc6 23. Ne5 Qb6 24. Rda1 c4 25. Qc2 Qe6 26. Ra8 Ne8 27. Nf3
b4 28. Qa4 Qd7 29. Be5 Qxa4 30. R1xa4 Bxe5 31. Nxe5 bxc3 32. bxc3 Nd6 33. Rxf8+
Kxf8 34. Nxc4 Ne4 35. Rb4 Rc7 36. Na5 Nxc3 37. Rb8+ Kg7 38. Rb7 Nd5 39. Rxc7
Nxc7 40. Nc6 Kf6 41. g4 e5 42. Kg2 Nd5 43. Kf3 Nc3 44. h4 e4+ 45. Kg3 Ne2+ 46.
Kg2 1/2-1/2

[Event "XXVII Festival Conca della Presolana B"]
[Site "Bratto - Castione della Presolana ITA"]
[Date "2007.08.30"]
[Round "7"]
[White "Rozzoni, Davide"]
[Black "Gozzini, Giambattista"]
[Result "0-1"]
[WhiteElo "1786"]
[BlackElo "1881"]
[PlyCount "118"]
[EventDate "2007.08.24"]

1. g3 g6 2. Bg2 Bg7 3. e4 d6 4. d3 c5 5. c3 Nc6 6. Nh3 Bd7 7. f4 e6 8. O-O Nge7
9. Na3 a6 10. Nc4 Qc7 11. Ne3 O-O 12. Bd2 b5 13. Qc2 Rac8 14. Rfc1 Qb6 15. Rab1
Na5 16. Nf2 Bc6 17. c4 b4 18. b3 Rb8 19. Re1 Ba8 20. Bc1 Nec6 21. Bb2 Nd4 22.
Qd1 Nac6 23. Nc2 a5 24. Nxd4 Bxd4 25. Bxd4 Nxd4 26. Ng4 f5 27. Ne3 Qd8 28. Nc2
Nxc2 29. Qxc2 e5 30. exf5 Rxf5 31. Bxa8 Rxa8 32. Rf1 exf4 33. Rxf4 Rxf4 34.
gxf4 Qf6 35. Qf2 Re8 36. Re1 Rxe1+ 37. Qxe1 Kf7 38. Qd2 Qd4+ 39. Kf1 Kf6 40.
Ke2 Kf5 41. Kf3 h6 42. h3 Qg1 43. Qe3 Qh2 44. Qe4+ Kf6 45. Qe8 Qxh3+ 46. Kf2
Qh2+ 47. Ke3 Qh3+ 48. Kf2 Qxd3 49. Qf8+ Ke6 50. Qc8+ Ke7 51. Qc7+ Ke6 52. Qc8+
Kf7 53. Qd7+ Kf6 54. Qd8+ Kf5 55. Qf8+ Kg4 56. Qxh6 Qd2+ 57. Kg1 Qe1+ 58. Kg2
Qg3+ 59. Kf1 Qxf4+ 0-1

[Event "XXVII Festival Conca della Presolana B"]
[Site "Bratto - Castione della Presolana ITA"]
[Date "2007.08.30"]
[Round "7"]
[White "Saracco, Marco"]
[Black "Bitossi, Massimo"]
[Result "1-0"]
[WhiteElo "1840"]
[BlackElo "1892"]
[PlyCount "55"]
[EventDate "2007.08.24"]

1. d4 Nf6 2. Nf3 c5 3. d5 e6 4. c4 exd5 5. cxd5 d6 6. Nc3 g6 7. e4 Bg7 8. Bd3
O-O 9. O-O Re8 10. h3 Na6 11. a4 Nc7 12. Bf4 b6 13. Re1 h6 14. Qc2 a6 15. Rab1
Rb8 16. b4 Nh5 17. Bh2 Bxh3 18. gxh3 Qf6 19. Re3 Qxc3 20. Qxc3 Bxc3 21. Bxd6
Nxd5 22. Bxb8 Nxe3 23. fxe3 Rxb8 24. bxc5 Rd8 25. cxb6 Rb8 26. Rb3 Ba5 27. b7
Nf6 28. Ne5 1-0

[Event "XXVII Festival Conca della Presolana B"]
[Site "Bratto - Castione della Presolana ITA"]
[Date "2007.08.30"]
[Round "7"]
[White "Simone, Marco"]
[Black "Proietti, Giorgio"]
[Result "0-1"]
[WhiteElo "1904"]
[BlackElo "1878"]
[PlyCount "56"]
[EventDate "2007.08.24"]

1. e4 e6 2. d4 d5 3. Nc3 Bb4 4. e5 Ne7 5. Bd3 c5 6. a3 Bxc3+ 7. bxc3 Nbc6 8.
Nf3 Qa5 9. O-O c4 10. Be2 Qxc3 11. Bd2 Qb2 12. c3 Qb6 13. Rb1 Qc7 14. Qc2 Na5
15. Bg5 h6 16. Bxe7 Kxe7 17. Qb2 b6 18. Qb4+ Ke8 19. Bd1 Qe7 20. Bc2 Bd7 21.
Rb2 Nc6 22. Qxe7+ Kxe7 23. Nd2 Nxd4 24. cxd4 c3 25. Rb4 cxd2 26. Rd1 Rhc8 27.
Bd3 Rc1 28. Rb1 Rac8 0-1

[Event "XXVII Festival Conca della Presolana B"]
[Site "Bratto - Castione della Presolana ITA"]
[Date "2007.08.30"]
[Round "7"]
[White "Spano' Cuomo, Gaetano"]
[Black "Boccalatte, Piero"]
[Result "0-1"]
[WhiteElo "1861"]
[BlackElo "1975"]
[PlyCount "108"]
[EventDate "2007.08.24"]

1. e4 c6 2. d4 d5 3. e5 Bf5 4. Bd3 Bxd3 5. Qxd3 e6 6. Nf3 Qa5+ 7. c3 Qa6 8.
Qxa6 Nxa6 9. O-O Ne7 10. Na3 h5 11. Nc2 Nf5 12. Bg5 Be7 13. Bxe7 Nxe7 14. Ng5
O-O 15. f3 Nc7 16. Rae1 g6 17. g4 Kg7 18. Nb4 Kh6 19. Nh3 b6 20. Nd3 a5 21.
gxh5 gxh5 22. Kh1 Rg8 23. f4 Nf5 24. Ng5 Rg7 25. Rg1 Ra7 26. Nf3 Ne8 27. Ng5
Rg6 28. Re2 Rg7 29. b4 Nc7 30. bxa5 Rxa5 31. Rb1 Nb5 32. Rb3 Ra4 33. Reb2 Ne3
34. Rb4 Ra3 35. R4b3 Nd1 36. Rxb5 cxb5 37. Rxb5 Rxc3 38. Nb4 Ne3 39. Kg1 Nc4
40. Na6 Rc1+ 41. Kf2 Rc2+ 42. Kg3 Rxa2 43. Nc7 Rb2 44. Rxb2 Nxb2 45. Ne8 Rxg5+
46. fxg5+ Kxg5 47. h4+ Kg6 48. Kf4 Na4 49. Nf6 b5 50. Nd7 b4 51. Nc5 Nb6 52.
Nb3 Nc8 53. Nc5 Ne7 54. Nb3 Nf5 0-1

[Event "XXVII Festival Conca della Presolana B"]
[Site "Bratto - Castione della Presolana ITA"]
[Date "2007.08.30"]
[Round "7"]
[White "Stella, Luca"]
[Black "Franciosi, Fausto"]
[Result "1/2-1/2"]
[WhiteElo "1855"]
[BlackElo "1698"]
[PlyCount "46"]
[EventDate "2007.08.24"]

1. e4 g6 2. Nf3 Bg7 3. d4 d6 4. c4 Nd7 5. Nc3 e5 6. Be3 Ne7 7. Be2 O-O 8. d5 f5
9. O-O Nf6 10. b4 h6 11. a4 g5 12. Qc2 g4 13. Ne1 fxe4 14. Rd1 Bf5 15. c5 Rc8
16. Qd2 Kh7 17. Bc4 a6 18. Nc2 Qe8 19. Na1 Qg6 20. Nb3 Ra8 21. b5 Nc8 22. bxa6
bxa6 23. Qe2 a5 1/2-1/2